| 000 | 00383nam a2200157Ia 4500 | ||
|---|---|---|---|
| 008 | 230917s9999||||xx |||||||||||||| ||und|| | ||
| 020 | _cPOU8.95 | ||
| 040 |
_e9314 _aMAIN |
||
| 041 | _aEnglish | ||
| 082 | _a320.947 L24S | ||
| 100 | _aLane, David | ||
| 245 | 0 | _aState and politics in the U.S.S.R. | |
| 260 |
_aOxford _bBasil Blackwell _c1985 |
||
| 300 | _axv, 398 p. | ||
| 942 | _cBK | ||
| 999 |
_c46448 _d46448 |
||